| 000 | 00854nam a2200169 a 4500 | ||
|---|---|---|---|
| 008 | 080915s2006 ||||||||||||||||| || u | ||
| 050 | _aIBRD(05) | ||
| 110 | _aWorld Bank | ||
| 245 | 1 | 0 | _aBeyond Transition |
| 260 |
_aWashington, D. C. _bWorld Bank _c2006 |
||
| 300 | _a32p. ill | ||
| 350 | _a0.00 | ||
| 650 | 7 |
_aCENTRAL ASIA _2fast |
|
| 995 |
_aSPECIAL COLLECTIONS _D0.00 _e03006219 _FCBU-MAIN LIBRARY (Kitwe) _H1 _I0.00 _jIBRD(05)BT/2006/4B _M2 _UAVAILABLE _WApr 28, 2010 _y03006219 _ZInternational Publications |
||
| 995 |
_aSPECIAL COLLECTIONS _D0.00 _eIBRD(05)BT/2006/4 _FCBU-MAIN LIBRARY (Kitwe) _H1 _I0.00 _jIBRD(05)BT/2006/4A _M1 _UAVAILABLE _WSep 25, 2008 _y03002928 _ZInternational Publications |
||
| 995 |
_aSPECIAL COLLECTIONS _D0.00 _e03006220 _FCBU-MAIN LIBRARY (Kitwe) _H1 _I0.00 _jIBRD(05)BT/06/1A _M1 _UAVAILABLE _WApr 28, 2010 _yZ03006220 _ZInternational Publications |
||
| 999 |
_c81097 _d81097 |
||